Music Quiz

Random Music or Kpop Quiz
Score 0/10 Timer 06:00
0 Plays Today
Time Answer % Correct
0:00 - 0:10How Can I Say
96.5%
0:34 - 0:49You Were Beautiful
95.7%
0:24 - 0:33Congratulations
95.5%
1:05 - 1:28Letting Go
94.3%
0:50 - 1:04I'm Serious
92.2%
1:46 - 2:15I Smile
89.6%
0:11 - 0:23Man in a Movie
88.3%
1:29 - 1:45First Time
83.2%
2:16 - 2:32Blood
83%
2:33 - 2:50Freely
80.4%

You're not logged in!

Compare scores with friends on all Sporcle quizzes.
OR
Log In

Sporcle TV

Today on Sporcle TV


Watch our educational content, quiz creation guides, and fun videos on Sporcle TV.

Show Comments

Extras

Created Jun 12, 2017ReportNominate
Tags:Kpop Quiz, Kpop Quiz

Top Quizzes Today


Score Distribution

Paid Content

Your Account Isn't Verified!

In order to create a playlist on Sporcle, you need to verify the email address you used during registration. Go to your Sporcle Settings to finish the process.

Report this User

Report this user for behavior that violates our Community Guidelines.

Details: